Rock and Roll Songs - Statistics

General Stats
  • This quiz has been taken 80 times
  • The average score is 7 of 24
Answer Stats
Hint Answer % Correct
It's Only Rock 'n Roll (But I Like It) (1974) The Rolling Stones
65%
Rock and Roll Music (1964) [cover] The Beatles
64%
Rock and Roll All Nite (1975) Kiss
61%
Old Time Rock and Roll (1979) Bob Seger
55%
Rock and Roll Music (1957) Chuck Berry
50%
Rock 'n' Roll Damnation (1978) AC/DC
48%
Rock and Roll Ain't Noise Pollution (1980) AC/DC
48%
Rock 'n' Roll Train (2008) AC/DC
48%
Rock and Roll (1971) Led Zeppelin
48%
It's Still Rock and Roll to Me (1980) Billy Joel
47%
I Love Rock 'n' Roll (1981) [cover] Joan Jett and the Blackhearts
32%
Rock 'n' Roll Suicide (1972) David Bowie
26%
Rock 'n' Roll Is King (1983) Electric Light Orchestra
15%
I Dig Rock and Roll Music (1967) Peter, Paul and Mary
15%
Rock and Roll Music (1976) [cover] The Beach Boys
15%
Long Live Rock 'n' Roll (1978) Rainbow
12%
Rock 'n' Roll Star (1994) Oasis
9%
Rock and Roll (I Gave You the Best Years of My Life) (1974) [cover] Mac Davis
6%
Rock & Roll (1970) The Velvet Underground
6%
Rock and Roll Love Letter (1976) [cover] The Bay City Rollers
5%
I Love Rock 'n' Roll (1975) Arrows
3%
Rock and Roll (I Gave You the Best Years of My Life) (1973) Kevin Johnson
3%
Rock 'n' Roll Outlaw (1978) Rose Tattoo
3%
Rock & Roll Doctor (1981) Little Feat
2%
No matching quizzes found
Score Distribution
Percent of People with Each Score
Percentile by Number Answered
Your Score History
You have not taken this quiz